00781nam a22002177a 450000500170000001000140001702000260003103500130005703700130007008200150008310000270009824500750012526000470020027000560024730000210030350000400032470000230036494200290038799900170041695201300043320100723160414.0 aENG-96662 a9788170545026c200.00 aEN-80195 bDBAD/PUB a368.400954 aSrivastava, Ajay91070 aSocial security system in India /cby Ajay Srivastava [and] P.P. Mitra aNew Delhi bClassical Publishing Co.c2009 a28, Shopping Center, Karam Pura,bNew Delhie110027 a96 p.c24cm (Hb) aIncludes bibliographical references aMitra, P. P.91071 2ddccENh368.400954mSRI c37448d37448 001040718NFICaDBADbDBADd2010-07-23g200.00l0o368.400954 SRIpEN-80195r2010-07-23 00:00:00t1v200.00w2010-07-23yEN